Zdjęcia satelitarne - wyspy #2 - Statystyki

Ogólne statystyki
  • Ten quiz został rozwiązany 1 335 razy
    1 317 od ostatniego zresetowania
  • Średni wynik to 10 z 16
Statystyki odpowiedzi
Obrazkowy Odpowiedź % Poprawnych
Cypr
96%
Cejlon
92%
Sycylia
85%
Tajwan
80%
Kreta
76%
Hispaniola/Haiti
74%
Manhattan
72%
Wyspa Północna (Nowa Zelandia)
65%
Tasmania
63%
Trynidad
50%
Celebes
40%
Nowa Fundlandia
40%
Luzon
35%
Palma Dżamira
34%
Majorka
31%
Ziemia Baffina
30%
Nie znaleziono quizów pasujących do podanych kryteriów
Rozkład punktacji
Procent ludzi z każdym wynikiem
Percentyl według liczby udzielonych odpowiedzi
Twoja historia wyników
Nie rozwiązałeś tego quizu od ostatniego zresetowania